| 000 | 00476cam a22001337a 4500 | ||
|---|---|---|---|
| 008 | 180718b1973 xxu||||| |||| 00| 0 eng d | ||
| 082 | _aB084 In7/31 | ||
| 100 | _aKuitenbrouwer, Joost | ||
| 245 |
_aSocietal processes and policies: some reflections on theor nature and direction _cby Joost Kuitenbrouwer |
||
| 260 |
_aThe Hauge _bInstitute of Social Stuies _c1973 |
||
| 300 | _a12p. | ||
| 440 | _a(Institute of Social Studies occasional papers, no.31) | ||
| 650 | _aSocial Policy | ||
| 999 |
_c477047 _d477047 |
||